Statistics for Every Faze Person Ever

Click here to take the quiz!

General Stats

  • This quiz has been taken 86 times
    (59 since last reset)
  • The average score is 11 of 66

Answer Stats

Answer% Correct
Rug
84%
Adapt
74%
Apex
74%
Banks
68%
Blaziken
61%
Kay
58%
Rain
58%
Teeqo
50%
Temperrr
50%
Jev
45%
Nikan
45%
CBass
26%
Censor
24%
Cheo
24%
Pamaaj
24%
Replays
24%
Sensei
24%
Agony
21%
Bloo
18%
Kitty
18%
Spratt
18%
Dirty
16%
Fakie
16%
Caarl
13%
Linkzy
13%
Ramos
13%
Swan
13%
Clayster
11%
Enable
11%
Hugz
11%
Pryzee
11%
Rockstar
11%
Twistt
11%
Baby
8%
Ipod
8%
Jinx
8%
Slasher
8%
Crafted
5%
Davey
5%
Hazz
5%
Heist
5%
Medii
5%
Meerkat
5%
Mink
5%
Zayzo
5%
Ziemzy
5%
Zooma
5%
Apathy
3%
Benji
3%
Eski
3%
Force
3%
Gutless
3%
Iced
3%
Joss
3%
Karma
3%
Kross
3%
Stamina
3%
Aviate
0%
Classic
0%
Fatal
0%
MBoze
0%
Moko
0%
Mozey
0%
Shift
0%
Styl
0%
Zeyrion
0%

Score Distribution

Percentile by Number Answered

Percent of People with Each Score

Your Score History

You have not taken this quiz since the last reset